00704nam a2200157Ia 4500008004000000082001600040100002300056245008300079260004300162300001100205650011500216690001800331906001200349999001900361952016600380210210b2000 xxu||||| |||| 00| 0 eng d a649.65 HAFF aHAFFNER (Debra W). aFrom diapers to dating: a parent's guide to raising sexually healthy children. aMumbaibMagna Publishing Co Ltd.c2000 axi,236 aDating values children Parents guide Sexually health Infants Toddlers Birth Preschool Elementary sex education aSex Education aSG03386 c114442d114442 001040708Home ScienceaALbALcHome Scienced2021-02-17eAthree Book Centre, Mangalore-01.g0.00l0o649.65 HAFFpSG03386r2021-02-17 00:00:00w2021-02-17ySG